Every Russian Flag - Statistics

General Stats
  • This quiz has been taken 14 times
  • The average score is 7 of 12
Answer Stats
Picture Hint Answer % Correct
1924-1991 USSR
91%
1993-Present Russia
82%
862-1240 Kievian Rus
73%
1914-1917 WW1 Russian Empire
73%
1858-1898 Russian Empire
64%
1991-1993 Russian Federation
55%
1703-1721 Tsardom of Russia
55%
1919-1922 USSR
45%
1922-1923 USSR
45%
1742-1799 Russian Empire
36%
1918 (6 Hours) Russian Republic
36%
1693-1703 Tsardom of Muscovy
18%
No matching quizzes found
Score Distribution
Percent of People with Each Score
Percentile by Number Answered
Your Score History
You have not taken this quiz